[Event "Hampstead Rated 3rd"]
[Site "Hampstead"]
[Date "1998.08.22"]
[Round "8"]
[White "Armstrong, Malcolm J"]
[Black "Konakanchi, Ninad"]
[Result "0-1"]
[WhiteElo "1976"]
[BlackElo "2080"]
[PlyCount "110"]
[EventDate "1998.08.15"]
[EventType "swiss"]
[EventRounds "9"]
[EventCountry "ENG"]
[SourceTitle "EXT 1999"]
[Source "ChessBase"]
[SourceDate "1998.11.16"]
[SourceVersion "1"]
[SourceVersionDate "1998.11.16"]
[SourceQuality "1"]

1. e4 c5 2. Nc3 Nc6 3. g3 g6 4. Bg2 Bg7 5. d3 d6 6. f4 e6 7. Nf3 Nge7 8. 0-0 0-0 9. Be3 b6 10. d4 d5 11. exd5 Nf5 12. Bf2 Ncxd4 13. Nxd4 cxd4 14. Ne2 Ne3 15. Bxe3 dxe3 16. dxe6 Bxe6 17. c3 Qxd1 18. Rfxd1 Rad8 19. Kf1 Rd2 20. Rxd2 exd2 21. Rd1 Rd8 22. b3 Bg4 23. c4 Rd3 24. h3 Be6 25. Kf2 f5 26. Bf3 a5 27. Ng1 Bd4+ 28. Ke2 Re3+ 29. Kxd2 a4 30. Ne2 Bc5 31. Bc6 axb3 32. axb3 Rxb3 33. Bd5 Kf7 34. Ra1 Bxd5 35. cxd5 b5 36. Kc2 Re3 37. Kd2 Ke7 38. Rc1 Kd6 39. g4 Rxh3 40. Rb1 b4 41. g5 Kxd5 42. Rb2 Ke4 43. Rb1 Rh2 44. Rb3 Rf2 45. Rh3 Bd6 46. Re3+ Kd5 47. Rd3+ Kc6 48. Rh3 Kb5 49. Rxh7 Bxf4+ 50. Ke1 Be3 51. Rg7 Rh2 52. Kd1 b3 53. Nc3+ Kc4 54. Na4 b2 55. Rc7+ Kb3 0-1